| 000 | 00652nam a22001817a 4500 | ||
|---|---|---|---|
| 005 | 20230920162559.0 | ||
| 010 | _aENG-135522 | ||
| 020 | _c120.00 | ||
| 035 | _aEN-119054 | ||
| 037 | _bDBAD/PUB | ||
| 082 | _a181.432 | ||
| 100 |
_ashukla, ramesh chandra _957163 |
||
| 245 |
_aYogasanas & Pranayama : _bYoga Postures Asanas Dhyana & Pranayama Techniques for a Disciplined Mind & Healthy Body/ _cBy Ramesh Chandra Shukla |
||
| 260 |
_aNew Delhi _c2013 _bV & S |
||
| 270 |
_a F-2/16, ansari road, daryaganj _e110002 _k011-23240026 _minfo@vspublishers.com |
||
| 300 |
_a120p. _c22cm(pbk) _bbibliography |
||
| 942 |
_2ddc _cEN _mSHU _h181.432 |
||
| 999 |
_c193348 _d193348 |
||